Poema macarronicum in quo ingressus Excelentissimorum Señorum Almirantis Castillae, et Duquis Ossunae in civitatem Sevillam latinajis pintatur, simulque regociji, et festa illis ab eadem civitate facta macarronico stylo describuntur. (Record no. 122022)

MARC details
000 -LEADER
campo de control de longitud fija 00762nam a2200169 4500
001 - NÚMERO DE CONTROL
campo de control 122022
003 - IDENTIFICADOR DE NÚMERO DE CONTROL
campo de control ES-MaACL
005 - FECHA Y HORA DE LA ÚLTIMA TRANSACCIÓN
campo de control 20230906191907.0
007 - CAMPO FIJO DE DESCRIPCIÓN FÍSICA--INFORMACIÓN GENERAL
campo de control de longitud fija t|
008 - DATOS DE LONGITUD FIJA--INFORMACIÓN GENERAL
campo de control de longitud fija 070214s1947 sp r ||||1| lat d
245 00 - MENCIÓN DEL TÍTULO
Título Poema macarronicum in quo ingressus Excelentissimorum Señorum Almirantis Castillae, et Duquis Ossunae in civitatem Sevillam latinajis pintatur, simulque regociji, et festa illis ab eadem civitate facta macarronico stylo describuntur.
260 ## - PUBLICACIÓN, DISTRIBUCIÓN, ETC.
Lugar de publicación, distribución, etc. Sevilla :
Nombre del editor, distribuidor, etc. Diputación Provincial,
Fecha de publicación, distribución, etc. 1947.
300 ## - DESCRIPCIÓN FÍSICA
Extensión 17 p. ;
Dimensiones 22 cm.
500 ## - NOTA GENERAL
Nota general Copia fiel del rarísimo impreso anónimo que se conserva en el Archivo Municipal de Sevilla.
710 1# - ENTRADA AGREGADA--NOMBRE DE ENTIDAD CORPORATIVA
Nombre de entidad corporativa o nombre de jurisdicción como elemento de entrada Sevilla (Provincia).
Unidad subordinada Diputación Provincial.
9 (RLIN) 6592
852 ## - LOCALIZACIÓN
Ubicación ES-MaACL
Número de control de estantería 1866-F-5
Sublocalización o colección R.23829
Holdings
Estatus retirado Estado de pérdida Estado de daño No para préstamo Colección Biblioteca de origen Biblioteca actual Ubicación en estantería Fecha de adquisición Fuente de adquisición Total de préstamos Signatura topográfica completa Código de barras Visto por última vez Precio de reemplazo Tipo de ítem Koha
        Colección de folletos Biblioteca del Ateneo de Madrid Biblioteca del Ateneo de Madrid Depósito folletos 17/01/2008     1866-F-5 1127161 23/02/2023 23/02/2023 Folleto